|
|
|
|
| LEADER |
01161nam a2200349 4500 |
| 001 |
000004640 |
| 003 |
780 |
| 005 |
20120412140429.0 |
| 008 |
110802s1988 viesd |
| 020 |
|
|
|c 8000đ
|
| 041 |
0 |
|
|a vie
|
| 082 |
|
|
|a 818
|b BR-W
|
| 100 |
0 |
|
|a William Broyles
|
| 245 |
|
0 |
|a Chiến Hữu
|c William Broyles; Nguyễn Văn Mười dịch
|
| 260 |
|
|
|a Quảng Nam - Đà Nẵng
|b Hội văn học nghệ thuật QN - ĐN
|c 1988
|
| 300 |
|
|
|a 152 tr
|c 19 cm
|
| 490 |
|
|
|a Văn học Mỹ
|
| 500 |
|
|
|a Dịch từ tiếng Anh
|
| 653 |
|
|
|a Văn học Mỹ
|
| 653 |
|
|
|a Thiên ký sự Mỹ
|
| 700 |
|
|
|a Nguyễn Văn Mười
|e Dịch
|
| 910 |
|
|
|a Huỳnh Thị Cẩm Lai
|d 02/08/2011
|
| OWN |
|
|
|a LSP
|
| AVA |
|
|
|a UDN50
|b LSP
|d 818 BR-W
|e unavailable
|t Error 5002 Not defined in file expand_doc_bib_avail.
|f 1
|g 1
|h N
|i 0
|k 1
|
| 999 |
|
|
|a From the UDN01
|
| AVA |
|
|
|a UDN50
|b LSP
|d 818 BR-W
|e unavailable
|t Error 5002 Not defined in file expand_doc_bib_avail.
|f 1
|g 1
|h N
|i 0
|k 1
|
| TYP |
|
|
|a Monograph
|
| TYP |
|
|
|a Printed language
|
| 980 |
|
|
|a Mạng thư viện Đại học Đà Nẵng
|